Kabyanjali (Record no. 8403)

MARC details
000 -LEADER
fixed length control field 00582cam a2200229ua 4500
001 - CONTROL NUMBER
control field 9351
005 - DATE AND TIME OF LATEST TRANSACTION
control field 20260515114445.0
008 - FIXED-LENGTH DATA ELEMENTS--GENERAL INFORMATION
fixed length control field 150806n ii |||gr||||Z||||||hin
020 ## - INTERNATIONAL STANDARD BOOK NUMBER
International Standard Book Number 9788190866835
040 ## - CATALOGING SOURCE
Transcribing agency MAIN
041 ## - LANGUAGE CODE
Language code of text/sound track or separate title hin
082 ## - DEWEY DECIMAL CLASSIFICATION NUMBER
Classification number 891.431
245 12 - TITLE STATEMENT
Title Kabyanjali
Statement of responsibility, etc. by Alakh Niranjan Sahay
250 ## - EDITION STATEMENT
Edition statement 2nd ed.
260 ## - PUBLICATION, DISTRIBUTION, ETC.
Place of publication, distribution, etc. Dibrugarh:
Name of publisher, distributor, etc. Mahaveer publications,
Date of publication, distribution, etc. 2010.
300 ## - PHYSICAL DESCRIPTION
Extent C18p.
653 ## - INDEX TERM--UNCONTROLLED
Uncontrolled term East Indo-European & Celtic literatures
653 ## - INDEX TERM--UNCONTROLLED
Uncontrolled term Hindi litearture
653 ## - INDEX TERM--UNCONTROLLED
Uncontrolled term Hindi poem
700 1# - ADDED ENTRY--PERSONAL NAME
Personal name Sahay, Alakh Ranjan,
Relator term Author.
942 ## - ADDED ENTRY ELEMENTS (KOHA)
Koha item type Books
Holdings
Withdrawn status Lost status Damaged status Not for loan Home library Current library Shelving location Date acquired Total checkouts Full call number Barcode Date last seen Copy number Price effective from Koha item type
        Naharkatiya College Library Naharkatiya College Library General stacks 09/19/2020   891.431 | SAH 20302 09/19/2020 2 09/19/2020 Books
        Naharkatiya College Library Naharkatiya College Library General stacks 09/19/2020   891.431 | SAH 20303 09/19/2020 3 09/19/2020 Books
        Naharkatiya College Library Naharkatiya College Library General stacks 09/19/2020   891.431 | SAH 20305 09/19/2020 1 09/19/2020 Books